Normal view MARC view

Entry Personal Name

Number of records used in: 1

001 - CONTROL NUMBER

  • control field: 1154024

003 - CONTROL NUMBER IDENTIFIER

  • control field: OSt

005 - DATE AND TIME OF LATEST TRANSACTION

  • control field: 20260324115254.0

008 - FIXED-LENGTH DATA ELEMENTS

  • fixed length control field: 260324|| aca||aabn | a|a d

040 ## - CATALOGING SOURCE

  • Original cataloging agency: OSt
  • Transcribing agency: OSt

100 ## - HEADING--PERSONAL NAME

  • Personal name: Joana Cunha; Ana Cristina Broega; Helder Carvalho; Manuel Blanco; Guillermo García-Badell; Diana Goméz-Chacón

670 ## - SOURCE DATA FOUND

  • Source citation: Work cat.: (OSt)1744780: Joana Cunha; Ana Cristina Broega; Helder Carvalho; Manuel Blanco; Guillermo García-Badell; Diana Goméz-Chacón, Reverse Design
Copyright @ Delhi University Library System